Coldplay : From which A Rush Of Blood song is this extract taken? - Statistiques

Statistiques générales
  • Ce quiz a été pris 66 fois
  • Le résultat moyen est 7 sur 11
Statistiques - réponses
Hint Réponse % Correct
Questions of science, science and progress Do not speak as loud as my heart The scientist
97%
Singin' come out upon my seas Cursed missed opportunities Am I a part of the cure Or am I part of the disease? Singin' Clocks
86%
I came here with a load And it feels so much lighter now I met you Green eyes
72%
Give me strength, reserve control Give me heart and give me soul Politik
72%
So, I'm gonna buy a gun and start a war If you can tell me something worth fighting for A rush of blood to the head
71%
I was scared, I was scared Tired and under prepared But I'll wait for it In my place
69%
Stuck on the end of this ball and chain And I'm on my way back down again Stood on a bridge, tied to the noose Amsterdam
64%
Come on in I've gotta tell you what a state I'm in A warning sign
57%
Where do we go to draw the line? I've gotta say I wasted all your time, honey honey God put a smile upon your face
57%
I hear the sound Of the ticking of clocks A whisper
53%
And at full tilt And in full flight Daylight
50%
Aucun quiz correspondant
Distribution des résultats
% des personnes avec chaque résultat
Percentile par nombre de réponses
Votre historique - résultats
Vous n’avez pas pris ce quiz